| 000 | 00891nam a22002297a 4500 | ||
|---|---|---|---|
| 999 |
_c20227 _d20227 |
||
| 003 | AR-CdUCM | ||
| 008 | 190528b ||||| |||| 00| 0 spa d | ||
| 020 | _a84-329-6204-X | ||
| 040 |
_aMUNICIPALIDAD PROVINCIAL DEL CUSCO _cBIBLIOTECA MUNICIPAL DEL CUSCO |
||
| 082 |
_a621.31 / _bR21 |
||
| 100 |
_aRamírez Vásquez, José _942283 |
||
| 245 |
_aCables subterráneos : _bII instalación y montaje / |
||
| 260 |
_aBarcelona : _bCeac, _c1974. |
||
| 300 |
_a206 páginas ; _bIlustraciones, _c24 cm. |
||
| 500 | _aMonografías Ceac de electricidad | ||
| 505 | _aContenido: Trabajos de instalación de los cables subterráneos -- Trabajos de instalación de los cables subterráneos II -- Montaje de los cables subterráneos... | ||
| 650 |
_aElectricidad _915840 |
||
| 650 |
_aSubterraneos _942284 |
||
| 650 |
_aCables eléctricos _942285 |
||
| 942 |
_2ddc _cLIBROS |
||
| 945 |
_adavv _d2019-05-28 |
||